000 00541nam a22001697a 4500
005 20260204034351.0
008 260204b |||||||| |||| 00| 0 eng d
020 _a9812471393
040 _cJHCSC
050 _a005.13 D324 2004
100 _910077
_aDeitel, H. M. | Deitel, P. J. | Nieto, T. R.
_eAuthor
245 _aVisual Basic.Net How to Program
250 _aSecond Edition
260 _aPhilippines
_bPEARSON EDUCATION SOUTH ASIA PTE LTD.
_cc2004.
300 _aLIV, 1517 PAGES :
_billustrations.
942 _2ddc
_cBOOK
_eSecond Edition
999 _c11302
_d11302